| 000 | 00616nam a22002177a 4500 | ||
|---|---|---|---|
| 005 | 20190703105622.0 | ||
| 008 | 190703b xxu||||| |||| 00| 0 eng d | ||
| 020 |
_a9781316646533 _cRs 525 |
||
| 040 | _beng | ||
| 041 | _aEnglish | ||
| 082 |
_a809.93 _bQUA |
||
| 245 |
_aThe Cambridge companion to the postcolonial novel _cEdited by Ato Quayson |
||
| 250 | _aFirst South Asian edition 2017 | ||
| 260 |
_aDelhi _bCambridge University Press _c2016 |
||
| 300 |
_a273p _b23 cm |
||
| 650 | _aPostcolonialism in literature | ||
| 650 | _aFiction | ||
| 700 |
_4ed. _aQuayson, Ato |
||
| 850 |
_aLCLIB _bPG |
||
| 942 | _cBK | ||
| 999 |
_c42157 _d92636 |
||